Detachable Metal Sheet Bender with Drill Plate Cutter (Record no. 85938)
[ view plain ]
| 000 -LEADER | |
|---|---|
| fixed length control field | 03699nam a22002777a 4500 |
| 003 - CONTROL NUMBER IDENTIFIER | |
| control field | URS |
| 005 - DATE AND TIME OF LATEST TRANSACTION | |
| control field | 20251021102309.0 |
| 008 - FIXED-LENGTH DATA ELEMENTS--GENERAL INFORMATION | |
| fixed length control field | 250908b ||||| |||| 00| 0 eng d |
| 040 ## - CATALOGING SOURCE | |
| Transcribing agency | URS |
| 043 ## - GEOGRAPHIC AREA CODE | |
| Geographic area code | URS |
| 245 ## - TITLE STATEMENT | |
| Title | Detachable Metal Sheet Bender with Drill Plate Cutter |
| Remainder of title | / Riñon, Sophia Mae A.... [et al.]. |
| 260 ## - PUBLICATION, DISTRIBUTION, ETC. | |
| Date of publication, distribution, etc. | May 2024 |
| 300 ## - PHYSICAL DESCRIPTION | |
| Extent | 112 leaves : |
| Other physical details | illustrations ; |
| Dimensions | 28 cm. |
| 336 ## - CONTENT TYPE | |
| Source | rdacontent |
| Content type term | text |
| 337 ## - MEDIA TYPE | |
| Source | rdamedia |
| Media type term | unmediated |
| 338 ## - CARRIER TYPE | |
| Source | rdacarrier |
| Carrier type term | volume |
| 502 ## - DISSERTATION NOTE | |
| Dissertation note | Thesis |
| Degree type | Bachelor of Technology Major in Civil Technology |
| Name of granting institution | University of Rizal System-Morong |
| Year degree granted | 2024 |
| 520 ## - SUMMARY, ETC. | |
| Summary, etc. | EXECUTIVE SUMMARY: This study aimed to develop Detachable Metal Sheet Bender with Drill Plate Cutter. Specifically, it aimed to design and construct Detachable Metal Sheet Bender with Drill Plate Cutter out of locally available materials, performed try-out and revision; evaluated the level of performance in terms of accuracy and speed, determined the level of acceptability of Detachable Metal Sheet Bender with Drill Plate Cutter and existing Metal Sheet Bender with Cutter in terms of design, durability, functionality, safety and maintenance, and usefulness, and also determined the significant difference between the level of acceptability of developed Detachable Metal Sheet Bender with Drill Cutter and existing Metal Sheet Bender in terms of aforementioned variables. This study was conducted at the University of Rizal System Morong Campus by the students of Bachelor of Technology major in Civil Technology during the academic year A.Y. 2023-2024. There were two groups of respondents consisting of four (4) Civil Technology experts, two (2) Mechanical Technology experts, two (2) Automotive Technology experts, two (2) HVACR Technology experts with a total of ten (ten) experts while the end users were ten (10) Civil Technology students, five (5) Mechanical Technology students, and five (5) Automotive Technology students. In terms of designing and constructing the Detachable Metal Sheet Bender with Drill Plate Cutter, the materials needed can be acquired locally in hardware stores. Through try-out and revision, three defects were found, the Detachable Metal Sheet Bender with Drill Plate Cutter reached functional output and attained objectives. In terms of the level of performance of Detachable Metal Sheet Bender with Drill Plate Cutter and existing Metal Sheet Bender with Cutter it was verbally interpreted as very accurate in terms of bending and fast in terms of cutting . In terms of the level of acceptability of Detachable Metal Sheet Bender with Drill Plate Cutter it was verbally interpreted as very acceptable, extremely durable, extremely functional, extremely safe and maintainable, and extremely useful by Civil Technology students and experts. In terms of the level of acceptability of existing Metal Sheet Bender it was verbally interpreted as very acceptable, very durable, very functional, very safe and maintainable, and very useful by Civil Technology students and experts. There is a significant difference on the level of acceptability of the Detachable Metal Sheet Bender with Drill Plate Cutter and the existing Metal Sheet Bender with Cutter in terms of design, durability, functionality, safety and maintenance, and usefulness, therefore the null hypothesis was rejected. |
| 700 ## - ADDED ENTRY--PERSONAL NAME | |
| Personal name | Riñon, Sophia Mae A. |
| Relator term | author |
| 700 ## - ADDED ENTRY--PERSONAL NAME | |
| Personal name | Amador, Jeremiah G. |
| Relator term | author |
| 700 ## - ADDED ENTRY--PERSONAL NAME | |
| Personal name | Layacan, Siegfreid M. |
| Relator term | author |
| 700 ## - ADDED ENTRY--PERSONAL NAME | |
| Personal name | Villamor, Adrian Ray P. |
| Relator term | author |
| 700 ## - ADDED ENTRY--PERSONAL NAME | |
| Personal name | Pegos, Antonio E. |
| Relator term | degree supervisor |
| 856 ## - ELECTRONIC LOCATION AND ACCESS | |
| Materials specified | Online Request for Student Unpublished Works |
| Uniform Resource Identifier | <a href="https://forms.gle/7LqvGGkaDrUQqz429">https://forms.gle/7LqvGGkaDrUQqz429</a> |
| 942 ## - ADDED ENTRY ELEMENTS (KOHA) | |
| Source of classification or shelving scheme | Library of Congress Classification |
| Koha item type | Theses and dissertations |
| Withdrawn status | Source of classification or shelving scheme | Damaged status | Not for loan | Collection code | Home library | Current library | Date acquired | Total Checkouts | Barcode | Date last seen | Price effective from | Koha item type |
|---|---|---|---|---|---|---|---|---|---|---|---|---|
| Library of Congress Classification | Reference | Morong College Library | Morong College Library | 09/08/2025 | URSMOR-CL-6878 | 09/08/2025 | 09/08/2025 | Theses and dissertations |